000 00239 a2200097 4500
001 29343
100 _aHiller
245 _aThermodynamic physics of Spacecraft and Planetary Bodies
260 _a
_bAcademic Press
_c
090 _c19565
_d19565
942 _aNUST-CAE
_cM
_c10630
999 _c264416
_d264416